Závislé vztahy léčba a uzdravení závislé poruchy osobnosti

Podrobná bibliografia
Hlavný autor: Röhr, Heinz-Peter, 1949- (Autor)
Ďalší autori: Babka, Petr, 1967- (Prekladateľ)
Médium: Kniha
Jazyk:čeština
nemčina
Fyzický popis:150 s. 21 cm
Vydavateľské údaje: Praha Portál 2011
ISBN:9788073678531
Vydanie:1. vyd.
Edícia:Spektrum
Predmet:

MARC

LEADER 00000cam a2200000 a 4500
001 vtls010276380
003 SK-MaSNL
005 20260301031728.0
008 240318s2011 xr n 000 0 cze
015 |a SNBZSA2016/11 
020 |a 9788073678531  |q (brožované) 
040 |a SNK  |b slo  |c SNK  |e AACR2 
041 1 |a cze  |h ger 
044 |a xr  |c CZ 
072 7 |a 616.89  |x Psychiatria  |2 konspekt 
080 |a 616.89-008.485  |2 2001 
080 |a 615.851  |2 2011 
080 |a 615.851:82-34  |2 2001 
080 |a 364.624.2  |2 2011 
080 |a 616.89-008.44  |2 2001 
080 |a (048.8)  |2 2011 
100 1 |a Röhr, Heinz-Peter,  |d 1949-  |4 aut  |9 327719 
240 1 0 |a Wege aus der Abhängigkeit  |l Česky 
245 1 0 |a Závislé vztahy  |b léčba a uzdravení závislé poruchy osobnosti  |c Heinz-Peter Röhr ; [z německého originálu přeložil Petr Babka] 
250 |a 1. vyd. 
260 |a Praha  |b Portál  |c 2011 
300 |a 150 s.  |c 21 cm 
490 1 |a Spektrum  |v 70 
500 |a Preložené z nemčiny 
504 |a Bibliogr.: s. 150 ; bibliogr. odkazy 
650 0 7 |a poruchy osobnosti  |2 SNKPH  |9 3781 
650 0 7 |a psychoterapia  |2 SNKPH  |9 2575 
650 0 7 |a terapia rozprávkou  |2 SNKPH  |9 125444 
650 0 7 |a emocionálne problémy  |2 SNKPH  |9 100778 
650 0 7 |a afektívne poruchy  |2 SNKPH  |9 16325 
650 0 7 |a Personality disorders  |2 SNKPHeng  |9 322085 
650 0 7 |a Psychotherapy  |2 SNKPHeng  |9 266881 
650 0 7 |a Fairy tales' therapy  |2 SNKPHeng  |9 327720 
650 0 7 |a Affective disorders  |2 SNKPHeng  |9 327721 
655 7 |a monografie  |2 SNKPH  |9 70139 
655 7 |a Monographs  |2 SNKPHeng  |9 120675 
700 1 |a Babka, Petr,  |d 1967-  |4 trl  |9 174734 
830 0 |a Spektrum  |9 296646 
852 |a Štátna vedecká knižnica v Banskej Bystrici 
919 |a 978-80-7367-853-1 
958 |a CZ 
958 |a NB 
999 |c 577214  |d 579144 
952 |a SNK  |b SNK  |y VYP  |7 0  |p 17A1125632  |o snkIC 142872  |i snk2016/25350  |8 3  |g 9.48  |0 0  |1 0  |4 0  |d 2016-10-26  |l 0  |r 2026-02-23 14:37:38  |w 2026-02-23